Statistics for Famous People from Utah

Click here to take the quiz!

General Stats

  • This quiz has been taken 462 times
    (152 since last reset)
  • The average score is 7 of 12

Answer Stats

ClueHometownUtahn% Correct
Companion of the Sundance KidCirclevilleButch Cassidy
83%
Founded Salt Lake City - saying "this is the place"Salt Lake CityBrigham Young
72%
Family of singers who were huge in the early 1970sOgdenThe Osmonds
70%
Utah Jazz legend known as “The Mailman”Salt Lake CityKarl Malone
67%
Credited with saving the 2002 Olympics, now a Utah senatorHolladayMitt Romney
62%
Sundance film festival founder who has a home in UtahPark CityRobert Redford
61%
Pick and roll partner of the aboveHolladayJohn Stockton
60%
Sitcom star alongside John GoodmanSalt Lake CityRoseanne Barr
60%
1998 gold medalist skiier, first name PicaboSalt Lake CityPicabo Street
51%
Longest serving Republican Senator in history, 1977-2019?Orrin Hatch
43%
7'6" tall basketball playerCastle DaleShawn Bradley
35%
At age 17, he was runner-up on "American Idol"MurrayDavid Archuleta
31%

Score Distribution

Percentile by Number Answered

Percent of People with Each Score

Your Score History

You have not taken this quiz since the last reset